[Event "new age"]
[Site "SchemingMind.com"]
[Date "2012.12.23"]
[Round "-"]
[White "kenneth m day"]
[Black "fouche"]
[Result "1/2-1/2"]
[WhiteCountry "USA"]
[BlackCountry "COL"]
[WhiteElo "1794"]
[WhiteRD "51"]
[BlackElo "1603"]
[BlackRD "65"]
[GameID "323743"]

1. e4 e6 2. d4 d5 3. Nd2 dxe4 4. Nxe4 Nf6 5. Bg5 Be7 6. Bxf6 Bxf6 7. Nf3 O-O 8. Qd2 Nd7 9. O-O-O Be7 10. Bd3 Nf6
11. h4 Bd7 12. Rdg1 b6 13. g4 Bc6 14. Qf4 Nd5 15. Qg3 Nb4 16. Kb1 Nxd3 17. cxd3 Bb7 18. g5 c5 19. Qe5 cxd4 20. Nxd4 Qd5
21. Qxd5 Bxd5 22. Rh3 Rfc8 23. Re3 a6 24. Nc3 b5 25. Nxd5 Bc5 26. Re4 exd5 27. Rf4 g6 28. Nb3 a5 29. Nxc5 Rxc5 30. Rc1 Rac8
31. Rxc5 Rxc5 32. Rf3=
1/2-1/2

[Event "new age"]
[Site "SchemingMind.com"]
[Date "2012.12.23"]
[Round "-"]
[White "fouche"]
[Black "kenneth m day"]
[Result "0-1"]
[WhiteCountry "COL"]
[BlackCountry "USA"]
[WhiteElo "1603"]
[WhiteRD "65"]
[BlackElo "1794"]
[BlackRD "51"]
[GameID "323744"]

1. d4 Nf6 2. c4 e6 3. Nc3 Bb4 4. Nf3 c5 5. e3 O-O 6. Bd3 d5 7. O-O Nc6 8. a3 Bxc3 9. bxc3 dxc4 10. Bxc4 Qc7
11. Re1 e5 12. d5 Na5 13. Ba2 Rd8 14. e4 Bg4 15. c4 Nc6 16. Qd3 Nd4 17. Nxd4 cxd4 18. Bd2 Nd7 19. Rec1 Nc5 20. Qg3 Bh5
21. Re1 Bg6 22. f3 Rf8 23. Bb4 f6 24. Rad1 Rf7 25. Bxc5 Qxc5 26. Kh1 Qxa3 27. Re2 Qd6 28. Rc1 Rc8 29. h4 Bh5 30. Qe1 g5
31. Qg3 Rg7 32. hxg5 Rxg5 33. Qh4 Bg6 34. Qf2 Rc5 35. Rb2 b6 36. Rb5 Qf8 37. Rcb1 Qh6+ 38. Kg1 Rh5 39. Kf1 d3 40. Rxc5 Rh1+
0-1

[Event "new age"]
[Site "SchemingMind.com"]
[Date "2012.12.31"]
[Round "-"]
[White "SAMAEL"]
[Black "fouche"]
[Result "1-0"]
[WhiteCountry "CAN"]
[BlackCountry "COL"]
[WhiteElo "1717"]
[WhiteRD "52"]
[BlackElo "1605"]
[BlackRD "66"]
[GameID "323893"]

1. d4 Nf6 2. Nf3 d6 3. h3 g6 4. c4 Bg7 5. e3 O-O 6. Nc3 Nbd7 7. Be2 b6 8. O-O Bb7 9. Nh2 a6 10. Bf3 Bxf3
11. Nxf3 c5 12. Bd2 cxd4 13. exd4 Rc8 14. b3 Re8 15. Re1 e5 16. dxe5 Nxe5 17. Nxe5 dxe5 18. Rc1 e4 19. Be3 Qxd1 20. Rexd1 b5
21. Nd5 bxc4 22. Nb6 Rc6 23. Rxc4 Rxc4 24. Nxc4 h5 25. Rd6 Re6 26. Rxe6 fxe6 27. Bd4 Kf7 28. Nd6+ Ke7 29. Bxf6+ Bxf6 30. Nxe4 Bb2
31. Kf1 Kd7 32. Nc5+ Kd6 33. Nd3 Ba3 34. Ke2 g5 35. Kd2 Kd5 36. Kc3 Bf8 37. Nb4+ Bxb4+ 38. Kxb4 Kd4 39. Ka5 e5 40. b4 e4
41. a4 Kd3 42. b5 axb5 43. axb5 Ke2 44. b6 Kxf2 45. b7 e3 46. b8=Q e2 47. Qb6+ Kxg2 48. Qe3 Kf1 49. Qf3+ Ke1 50. Qxh5 Kf1
51. Qf3+ Ke1 52. Kb4 Kd2 53. Qc3+ Kd1 54. Qd3+ Ke1 55. Kc3
1-0

[Event "new age"]
[Site "SchemingMind.com"]
[Date "2012.12.31"]
[Round "-"]
[White "SAMAEL"]
[Black "kenneth m day"]
[Result "1/2-1/2"]
[WhiteCountry "CAN"]
[BlackCountry "USA"]
[WhiteElo "1717"]
[WhiteRD "52"]
[BlackElo "1765"]
[BlackRD "52"]
[GameID "323894"]

1. Nf3 d5 2. h3 Nf6 3. e3 c5 4. d4 e6 5. c4 Nc6 6. Be2 Be7 7. O-O O-O 8. a3 b6 9. Nc3 dxc4 10. Bxc4 Bb7
11. dxc5 Bxc5 12. b4 Be7 13. Bb2 Qc7 14. Nb5 Qc8 15. Rc1 Rd8 16. Qe2 a6 17. Nbd4 Qb8 18. Rfd1 Nxd4 19. Nxd4 Bd6 20. Nf3 b5
21. Bb3 Rd7 22. Rd2 Ne4 23. Rdd1 Qd8 24. Bc2 Rc8 25. Bxe4 Bxe4 26. Rxc8 Qxc8 27. Rc1 Qb8 28. Nd2 Bd3 29. Qg4 Bg6 30. Kh1 h5
31. Qd4 e5 32. Qd5 Rd8 33. Qb3 Qb7 34. f3 Qe7 35. e4 Qh4 36. Nf1 Kh7 37. Rc2 Qe1 38. Rc1 Qh4 39. Qc3 Qf2 40. Qc2 Qb6
41. Bc3 Rc8 42. Qd2 f6 43. Ne3 Rd8 44. Nd5 Qb8 45. Qf2 Qb7 46. Bd2 Bb8 47. Be3 Bf7 48. Nc3 Rd3 49. Nb1 Qd7 50. Kh2 g5
51. Rc2 Rd1 52. Rd2 Rxd2 53. Qxd2 Qxd2= 54. Nxd2 Bc7 55. g4 hxg4 56. hxg4 Kg7=
1/2-1/2

[Event "new age"]
[Site "SchemingMind.com"]
[Date "2012.12.31"]
[Round "-"]
[White "fouche"]
[Black "SAMAEL"]
[Result "1-0"]
[WhiteCountry "COL"]
[BlackCountry "CAN"]
[WhiteElo "1605"]
[WhiteRD "66"]
[BlackElo "1717"]
[BlackRD "52"]
[GameID "323895"]

1. d4 d5 2. c4 e6 3. Nc3 h6 4. Nf3 Nf6 5. e3 Be7 6. Bd3 a6 7. O-O O-O 8. Bd2 Nc6 9. a3 Bd7 10. Qe2 Re8
11. Rfd1 Na7 12. Rac1 Rc8 13. b4 c6 14. h3 b5 15. c5 Nh7 16. e4 Ng5 17. Nxg5 Bxg5 18. e5 Ra8 19. f4 Be7 20. Rf1 Bf8
21. f5 exf5 22. Bxf5 Bxf5 23. Rxf5 Nc8 24. Rcf1 Ra7 25. Qg4 Re6 26. Ne2 Rg6 27. Qf3 Qe7 28. Nf4 Rg5 29. Nxd5 cxd5 30. Bxg5 hxg5
31. Qg4 f6 32. exf6 Qe3+ 33. Kh1 gxf6 34. Rxf6 Bg7 35. Qxc8+ Kh7 36. Qf5+ Kg8 37. Rd6 Ra8 38. Qxd5+ Kh7 39. Qxa8
1-0

[Event "new age"]
[Site "SchemingMind.com"]
[Date "2012.12.31"]
[Round "-"]
[White "kenneth m day"]
[Black "SAMAEL"]
[Result "0-1"]
[WhiteCountry "USA"]
[BlackCountry "CAN"]
[WhiteElo "1765"]
[WhiteRD "52"]
[BlackElo "1717"]
[BlackRD "52"]
[GameID "323896"]

1. e4 e5 2. Nf3 d6 3. d4 exd4 4. Nxd4 h6 5. Bc4 Nf6 6. O-O Be7 7. Nc3 a6 8. Re1 O-O 9. Qd3 Bd7 10. Bd2 c6
11. Re2 b5 12. Bb3 c5 13. Nf5 Bxf5 14. exf5 c4 15. Bxc4 bxc4 16. Qxc4 Nbd7 17. Rae1 Re8 18. Qc6 Ne5 19. Qb7 Kf8 20. f4 Ned7
21. Qf3 Rb8 22. b3 Qc7 23. Re3 d5 24. Nxd5 Nxd5 25. Qxd5 Bc5 26. Kf1 Bxe3 27. Bxe3 Rb5 28. Qd3 Nf6 29. h3 Rd8 30. Qe2 Qb7
31. c4 Rxf5 32. Qc2 Qd7 33. g4 Ra5 34. b4 Ra3 35. b5 Rd3
0-1

[Event "new age"]
[Site "SchemingMind.com"]
[Date "2012.12.28"]
[Round "-"]
[White "Phillip Beckett"]
[Black "fouche"]
[Result "0-1"]
[WhiteCountry "ENG"]
[BlackCountry "COL"]
[WhiteElo "1591"]
[WhiteRD "47"]
[BlackElo "1603"]
[BlackRD "65"]
[GameID "323965"]

1. e4 e6 2. d4 d5 3. Nd2 dxe4 4. Nxe4 Nf6 5. Bg5 Be7 6. Nxf6+ Bxf6 7. Bxf6 Qxf6 8. Nf3 O-O 9. Bd3 Nd7 10. O-O Qe7
11. c3 Nf6 12. Qc2 h6 13. Ne5 Nd7 14. Nxd7 Bxd7 15. Bh7+ Kh8 16. Be4 c6 17. f4 f6 18. Rae1 Rae8 19. f5 e5 20. dxe5 fxe5
21. g4 Qg5 22. Qf2 Qxg4+ 23. Kh1 Rf6 24. Rg1 Qh5 25. Rg6 Qxg6 26. Rg1 Qf7 27. b3 Bxf5 28. Bxf5 Rxf5 29. Qg3 e4
0-1

[Event "new age"]
[Site "SchemingMind.com"]
[Date "2012.12.28"]
[Round "-"]
[White "Phillip Beckett"]
[Black "kenneth m day"]
[Result "1-0"]
[WhiteCountry "ENG"]
[BlackCountry "USA"]
[WhiteElo "1591"]
[WhiteRD "47"]
[BlackElo "1794"]
[BlackRD "51"]
[GameID "323966"]

1. e4 c5 2. Nf3 g6 3. d4 Bg7 4. Nc3 cxd4 5. Nxd4 Nc6 6. Be3 Nf6 7. f3 O-O 8. Qd2 d5 9. Nxc6 bxc6 10. exd5 cxd5
11. O-O-O e6 12. Ne4 Qc7 13. Nxf6+ Bxf6 14. Bd4 e5 15. Qc3 Qb8 16. Bc5 Rd8 17. Qb4 Bb7 18. Qa3 d4 19. Be7 Bxe7 20. Qxe7 Bd5
21. b3 Be6 22. h4 Qc8 23. h5 Qc3 24. Kb1 Qe3 25. hxg6 Qf4 26. gxh7+ Kh8 27. Bd3 Rd7 28. Qh4 Qxh4 29. Rxh4 a5 30. f4 f5
31. fxe5 Raa7 32. Rf1 Rxh7 33. Rxh7+ Rxh7 34. Bxf5 Rh6 35. Bxe6 Rxe6 36. Re1 Kg7 37. Kc1 Kg6 38. Kd2 Kf5 39. Kd3 Rxe5 40. Rxe5+ Kxe5
41. g4 Kf4 42. Kxd4 Kxg4 43. c4 Kf5 44. Kd5
1-0

[Event "new age"]
[Site "SchemingMind.com"]
[Date "2013.01.02"]
[Round "-"]
[White "Phillip Beckett"]
[Black "SAMAEL"]
[Result "1-0"]
[WhiteCountry "ENG"]
[BlackCountry "CAN"]
[WhiteElo "1591"]
[WhiteRD "47"]
[BlackElo "1719"]
[BlackRD "55"]
[GameID "323967"]

1. e4 e5 2. Nf3 d6 3. d4 exd4 4. Nxd4 h6 5. Nc3 Nf6 6. Be2 Be7 7. O-O O-O 8. Be3 Bd7 9. f4 a6 10. h3 Nc6
11. Qe1 Re8 12. Qg3 Nxd4 13. Bxd4 c5 14. Be3 Kh8 15. e5 Nh7 16. Ne4 Bc6 17. exd6 Bxe4 18. dxe7 Qxe7 19. Rae1 Qf8 20. Bd3 Bxd3
21. cxd3 Rad8 22. Bd2 Rxe1 23. Rxe1 c4 24. Bc3 Rxd3 25. Qh4 Kg8 26. Qe7 b5 27. Qxf8+ Nxf8 28. Re8 f6 29. Bb4 Kh7 30. Rxf8 Re3
31. Kf2 Re6 32. Rd8 g5 33. fxg5 fxg5 34. Bc3 Kg6 35. Rh8 h5 36. Rg8+ Kf5 37. Kf3 Rd6 38. Rf8+ Kg6 39. Rg8+ Kh6 40. Ke4 Rd1
41. Rc8 Rd6 42. Ke5
1-0

[Event "new age"]
[Site "SchemingMind.com"]
[Date "2012.12.28"]
[Round "-"]
[White "fouche"]
[Black "Phillip Beckett"]
[Result "1-0"]
[WhiteCountry "COL"]
[BlackCountry "ENG"]
[WhiteElo "1603"]
[WhiteRD "65"]
[BlackElo "1591"]
[BlackRD "47"]
[GameID "323968"]

1. d4 d5 2. c4 e6 3. Nc3 Nf6 4. Bg5 Be7 5. Nf3 h6 6. Bh4 O-O 7. e3 Ne4 8. Bxe7 Qxe7 9. cxd5 Nxc3 10. bxc3 exd5
11. Bd3 Nd7 12. O-O b6 13. Rc1 Bb7 14. Re1 c5 15. c4 dxc4 16. Bxc4 Qf6 17. d5 Ne5 18. Nxe5 Qxe5 19. e4 Rad8 20. Qg4 Bc8
21. Qh4 Rd6 22. f4 Qd4+ 23. Kh1 f5 24. e5 Rxd5 25. Bxd5+ Qxd5 26. Qe7 Qxa2 27. Rcd1 Ba6 28. Rd7
1-0

[Event "new age"]
[Site "SchemingMind.com"]
[Date "2012.12.28"]
[Round "-"]
[White "kenneth m day"]
[Black "Phillip Beckett"]
[Result "1-0"]
[WhiteCountry "USA"]
[BlackCountry "ENG"]
[WhiteElo "1794"]
[WhiteRD "51"]
[BlackElo "1591"]
[BlackRD "47"]
[GameID "323969"]

1. e4 e5 2. Nf3 Nc6 3. d4 exd4 4. Nxd4 Bc5 5. Be3 Qf6 6. c3 Nge7 7. Bc4 O-O 8. O-O Nxd4 9. cxd4 Bb6 10. Nc3 c6
11. e5 Qg6 12. Bd3 Qe6 13. f4 d5 14. f5 Qd7 15. Qh5 g6 16. fxg6 Nxg6 17. Rf6 Qg4 18. Qxg4 Bxg4 19. h3 Bd7 20. Raf1 Be6
21. Ne2 Rac8 22. R1f3 Rfe8 23. Rg3 Kg7 24. h4 h5 25. Rg5 Rh8 26. Bxg6 fxg6 27. Rgxg6+
1-0

[Event "new age"]
[Site "SchemingMind.com"]
[Date "2013.01.02"]
[Round "-"]
[White "SAMAEL"]
[Black "Phillip Beckett"]
[Result "1/2-1/2"]
[WhiteCountry "CAN"]
[BlackCountry "ENG"]
[WhiteElo "1719"]
[WhiteRD "55"]
[BlackElo "1591"]
[BlackRD "47"]
[GameID "323970"]

1. e4 e5 2. Nf3 Nc6 3. a3 Nf6 4. d3 Be7 5. Be2 d6 6. h3 h6 7. Nc3 O-O 8. O-O Nh7 9. Re1 Ng5 10. Nxg5 Bxg5
11. Bg4 Bxc1 12. Rxc1 Bxg4 13. Qxg4 Qc8 14. Qxc8 Raxc8 15. Ne2 f5 16. f3 fxe4 17. fxe4 Rf7 18. Rf1 Rcf8 19. Rxf7 Rxf7 20. Rf1 Rxf1+
21. Kxf1 Ne7 22. Kf2 g5 23. c4 Ng6 24. g3 Kf7 25. Ke3 Ke6 26. b4 Ne7 27. d4 exd4+ 28. Nxd4+ Ke5 29. Nb5 c6 30. Nxa7 d5
31. exd5 cxd5 32. c5 Nf5+ 33. Kd3 Nxg3 34. b5 Nf5 35. a4 h5 36. c6 bxc6 37. Nxc6+ Kd6 38. Nd8 Kc5 39. Ne6+ Kd6 40. Nxg5 Kc5
41. Ne6+ Kb4 42. Nd4 Nd6 43. Ne6 Kxa4 44. Nf4 Kxb5 45. Nxh5 Nf5 46. Nf4 Kc5 47. Nxd5=
1/2-1/2

[Event "new age"]
[Site "SchemingMind.com"]
[Date "2012.12.30"]
[Round "-"]
[White "mmccaffe"]
[Black "fouche"]
[Result "1-0"]
[WhiteCountry "USA"]
[BlackCountry "COL"]
[WhiteElo "1643"]
[WhiteRD "62"]
[BlackElo "1603"]
[BlackRD "65"]
[GameID "324061"]

1. d4 Nf6 2. c4 c5 3. d5 e5 4. Nc3 d6 5. e4 Na6 6. f3 Nc7 7. Be3 Be7 8. Bd3 O-O 9. Nge2 Bd7 10. O-O a6
11. Qd2 Rb8 12. f4 b5 13. fxe5 dxe5 14. Ng3 b4 15. Nd1 Bd6 16. Bg5 a5 17. Bxf6 gxf6 18. Qh6 Ne8 19. Nh5 Kh8 20. Nxf6 Nxf6
21. Rxf6 Rg8 22. Rxf7 Qe7 23. Qxh7#
1-0

[Event "new age"]
[Site "SchemingMind.com"]
[Date "2012.12.30"]
[Round "-"]
[White "mmccaffe"]
[Black "Phillip Beckett"]
[Result "1/2-1/2"]
[WhiteCountry "USA"]
[BlackCountry "ENG"]
[WhiteElo "1643"]
[WhiteRD "62"]
[BlackElo "1591"]
[BlackRD "47"]
[GameID "324062"]

1. d4 d5 2. c4 e6 3. Nc3 Nf6 4. Bg5 Be7 5. e3 h6 6. Bh4 O-O 7. Nf3 Ne4 8. Bxe7 Qxe7 9. Bd3 Nxc3 10. bxc3 dxc4
11. Bxc4 Nd7 12. O-O c5 13. Qb3 cxd4 14. cxd4 Nb6 15. Bd3 Bd7 16. Ne5 Ba4 17. Qb2 Nd5 18. Rfc1 Rfc8 19. Rxc8+ Rxc8 20. Rb1 b6
21. h3 Qc7 22. Ba6 Rd8 23. Rc1 Qd6 24. Rc4 f6 25. Rxa4 fxe5 26. dxe5 Qc5 27. Rc4 Qa5 28. Bb7 Ne7 29. Rc7 Rd1+ 30. Kh2 Ng6
31. f4 Qe1 32. Bc8 Qh1+ 33. Kg3 Qe1+ 34. Qf2 Qxf2+ 35. Kxf2 Rd2+ 36. Kf3 Kh7 37. Rxa7 Nh4+ 38. Ke4 Nxg2 39. Bxe6 Re2 40. Ra3 b5
41. Bf5+ g6 42. Ra7+ Kh8 43. Ra8+=
1/2-1/2

[Event "new age"]
[Site "SchemingMind.com"]
[Date "2012.12.30"]
[Round "-"]
[White "mmccaffe"]
[Black "kenneth m day"]
[Result "0-1"]
[WhiteCountry "USA"]
[BlackCountry "USA"]
[WhiteElo "1643"]
[WhiteRD "62"]
[BlackElo "1794"]
[BlackRD "51"]
[GameID "324063"]

1. e4 d5 2. exd5 Qxd5 3. Nc3 Qd6 4. Nf3 Nf6 5. Be2 e5 6. d3 Be7 7. Bd2 a6 8. O-O Nc6 9. Ne4 Nxe4 10. dxe4 Qg6
11. g3 Bh3 12. Re1 O-O-O 13. Qb1 Qxe4 14. Bc3 h5 15. b4 g5 16. Bf1 Qxf3 17. Bxh3+ g4 18. Re3 Qf6 19. Bg2 h4 20. a4 hxg3
21. Rxg3 Qh4 22. h3 gxh3
0-1

[Event "new age"]
[Site "SchemingMind.com"]
[Date "2013.01.04"]
[Round "-"]
[White "mmccaffe"]
[Black "SAMAEL"]
[Result "0-1"]
[WhiteCountry "USA"]
[BlackCountry "CAN"]
[WhiteElo "1643"]
[WhiteRD "62"]
[BlackElo "1719"]
[BlackRD "55"]
[GameID "324064"]

1. e4 e5 2. f4 a6 3. Nf3 exf4 4. Bc4 h6 5. Nc3 d6 6. d4 Nc6 7. Bxf4 Nf6 8. O-O Be7 9. Qe1 O-O 10. Rd1 Na5
11. Bd3 b6 12. e5 Nh7 13. Qg3 Ng5 14. Ne4 Nxf3+ 15. gxf3 Bh4 16. Qg2 Kh8 17. Qd2 Bh3 18. Bxh6 Bxf1 19. Rxf1 Rg8 20. Bxg7+ Rxg7+
21. Kh1 Bg5
0-1

[Event "new age"]
[Site "SchemingMind.com"]
[Date "2012.12.30"]
[Round "-"]
[White "fouche"]
[Black "mmccaffe"]
[Result "1-0"]
[WhiteCountry "COL"]
[BlackCountry "USA"]
[WhiteElo "1603"]
[WhiteRD "65"]
[BlackElo "1643"]
[BlackRD "62"]
[GameID "324065"]

1. d4 d5 2. c4 c6 3. Nc3 Nf6 4. Nf3 dxc4 5. a4 Bf5 6. e3 e6 7. Bxc4 Be7 8. O-O Nbd7 9. Re1 O-O 10. e4 Bg6
11. Be3 Nxe4 12. Rc1 Nxc3 13. bxc3 c5 14. Qe2 Qa5 15. Bb3 cxd4 16. Bxd4 Nc5 17. Bc2 Bxc2 18. Qxc2 Qxa4 19. Bxc5 Qxc2 20. Rxc2 Bxc5
21. Rd1 Rfd8 22. Rcd2 Kf8 23. Rxd8+
1-0

[Event "new age"]
[Site "SchemingMind.com"]
[Date "2012.12.30"]
[Round "-"]
[White "Phillip Beckett"]
[Black "mmccaffe"]
[Result "0-1"]
[WhiteCountry "ENG"]
[BlackCountry "USA"]
[WhiteElo "1591"]
[WhiteRD "47"]
[BlackElo "1643"]
[BlackRD "62"]
[GameID "324066"]

1. e4 c5 2. Nf3 d6 3. d4 cxd4 4. Nxd4 Nf6 5. Nc3 a6 6. Bg5 e6 7. f4 Be7 8. Qf3 Nbd7 9. O-O-O Qc7 10. g4 b5
11. Bxf6 gxf6 12. f5 Ne5 13. Qg3 Bd7 14. Bxb5 axb5 15. Ndxb5 Bxb5 16. Nxb5 Qa5 17. Nc3 O-O 18. h4 Kh8 19. g5 fxg5 20. hxg5 Rg8
21. g6 fxg6 22. Qh2 Rg7 23. Rdf1 Bf6 24. fxg6 Bg5+ 25. Kb1 h6 26. Qh5 Kg8 27. Rfg1 Nxg6 28. Rxg5 Qxg5 29. Qh3 Ne5 30. Qxe6+ Kh8
31. Rxh6+ Rh7 32. Rxh7+ Kxh7 33. Qh3+ Kg7
0-1

[Event "new age"]
[Site "SchemingMind.com"]
[Date "2012.12.30"]
[Round "-"]
[White "kenneth m day"]
[Black "mmccaffe"]
[Result "1-0"]
[WhiteCountry "USA"]
[BlackCountry "USA"]
[WhiteElo "1794"]
[WhiteRD "51"]
[BlackElo "1643"]
[BlackRD "62"]
[GameID "324067"]

1. e4 c5 2. Nf3 d6 3. d4 cxd4 4. Nxd4 Nf6 5. Nc3 a6 6. f3 e5 7. Nb3 Be7 8. Be3 Be6 9. Qd2 O-O 10. O-O-O Nbd7
11. g4 Qc7 12. h4 Nb6 13. h5 Nc4 14. Bxc4 Qxc4 15. g5 Nd7 16. Nd5 Bxd5 17. Qxd5 Qxd5 18. Rxd5 Rfc8 19. f4 Nb6 20. Bxb6
1-0

[Event "new age"]
[Site "SchemingMind.com"]
[Date "2013.01.04"]
[Round "-"]
[White "SAMAEL"]
[Black "mmccaffe"]
[Result "1-0"]
[WhiteCountry "CAN"]
[BlackCountry "USA"]
[WhiteElo "1719"]
[WhiteRD "55"]
[BlackElo "1643"]
[BlackRD "62"]
[GameID "324068"]

1. Nf3 g6 2. c3 Bg7 3. d4 Nf6 4. Bf4 d6 5. Nbd2 O-O 6. h3 Nbd7 7. e3 c5 8. Be2 b6 9. O-O Bb7 10. Re1 Nh5
11. Bh2 f5 12. Rc1 e5 13. dxe5 dxe5 14. Nc4 e4 15. Nfd2 Nhf6 16. Nd6 Bd5 17. N2c4 Qe7 18. Nb5 Bxc4 19. Bxc4+ Kh8 20. Bd6
1-0

[Event "new age"]
[Site "SchemingMind.com"]
[Date "2013.01.04"]
[Round "-"]
[White "emvarela"]
[Black "fouche"]
[Result "1-0"]
[WhiteCountry "ARG"]
[BlackCountry "COL"]
[WhiteElo "1761"]
[WhiteRD "51"]
[BlackElo "1605"]
[BlackRD "66"]
[GameID "324074"]

1. e4 e6 2. d4 d5 3. Nc3 Bb4 4. e5 Ne7 5. a3 Ba5 6. b4 Bb6 7. Na4 Bd7 8. Nxb6 axb6 9. Nf3 c5 10. bxc5 bxc5
11. Bd2 cxd4 12. Nxd4 O-O 13. Bb4 Nbc6 14. Nxc6 bxc6 15. Bd3 Re8 16. Qh5 Ng6 17. Bxg6 hxg6 18. Qf3 Qb6 19. O-O c5 20. Bd2 Qa6
21. h4 Bc6 22. Qg3 Reb8 23. h5 gxh5 24. Qg5 Rb2 25. Qxh5 Rxc2 26. Bf4 Qd3 27. Rfd1 Qf5 28. Qxf5 exf5 29. Rd2 Rxd2 30. Bxd2 Ra4
31. f4 Kf8 32. Kf2 f6 33. exf6 gxf6 34. g3 Ke7 35. Rc1 Rxa3 36. Rxc5 Kd6 37. Bb4 Ra2+ 38. Rc2+
1-0

[Event "new age"]
[Site "SchemingMind.com"]
[Date "2013.01.04"]
[Round "-"]
[White "emvarela"]
[Black "mmccaffe"]
[Result "1-0"]
[WhiteCountry "ARG"]
[BlackCountry "USA"]
[WhiteElo "1743"]
[WhiteRD "47"]
[BlackElo "1643"]
[BlackRD "62"]
[GameID "324075"]

1. e4 c5 2. Nf3 d6 3. d4 cxd4 4. Nxd4 Nf6 5. Nc3 Nc6 6. Bg5 e6 7. Qd2 Be7 8. O-O-O O-O 9. f4 Nxd4 10. Qxd4 Qa5
11. Bc4 h6 12. Bh4 a6 13. e5
1-0

[Event "new age"]
[Site "SchemingMind.com"]
[Date "2013.01.04"]
[Round "-"]
[White "emvarela"]
[Black "Phillip Beckett"]
[Result "1-0"]
[WhiteCountry "ARG"]
[BlackCountry "ENG"]
[WhiteElo "1743"]
[WhiteRD "47"]
[BlackElo "1591"]
[BlackRD "47"]
[GameID "324076"]

1. e4 e5 2. Nf3 Nc6 3. Bb5 a6 4. Ba4 Nf6 5. O-O Be7 6. Re1 b5 7. Bb3 O-O 8. c3 d5 9. exd5 Nxd5 10. Nxe5 Nxe5
11. Rxe5 Nf6 12. d4 Bd6 13. Re1 Ng4 14. h3 Qh4 15. Qf3 Nxf2 16. Re2 Bb7 17. Qxb7 Nd3 18. Nd2 Qg3 19. Nf3 Rae8 20. Bxf7+ Kxf7
21. Qd5+ Kg6 22. Re6+ Rxe6 23. Qxe6+ Rf6 24. Qe4+ Kf7 25. Qxd3 Rxf3 26. Qxf3+
1-0

[Event "new age"]
[Site "SchemingMind.com"]
[Date "2013.01.04"]
[Round "-"]
[White "emvarela"]
[Black "kenneth m day"]
[Result "1-0"]
[WhiteCountry "ARG"]
[BlackCountry "USA"]
[WhiteElo "1743"]
[WhiteRD "47"]
[BlackElo "1794"]
[BlackRD "51"]
[GameID "324077"]

1. e4 c5 2. Nf3 Nc6 3. d4 cxd4 4. c3 dxc3 5. Bc4 e6 6. Nxc3 d6 7. Bf4 a6 8. O-O Be7 9. Qe2 Nf6 10. Rfd1 Qc7
11. Rd2 O-O 12. Rad1 e5 13. Bg5 Bg4 14. Bxf6 Nd4 15. Rxd4 exd4 16. Nd5 Bxf3 17. gxf3
1-0

[Event "new age"]
[Site "SchemingMind.com"]
[Date "2013.01.04"]
[Round "-"]
[White "emvarela"]
[Black "SAMAEL"]
[Result "1-0"]
[WhiteCountry "ARG"]
[BlackCountry "CAN"]
[WhiteElo "1761"]
[WhiteRD "51"]
[BlackElo "1717"]
[BlackRD "52"]
[GameID "324078"]

1. e4 e5 2. Nf3 Nc6 3. Bb5 d6 4. d4 exd4 5. Nxd4 Bd7 6. Nc3 Nxd4 7. Bxd7+ Qxd7 8. Qxd4 Nf6 9. O-O Be7 10. Re1 O-O
11. Bg5 h6 12. Bxf6 Bxf6 13. Qd3 Qc6 14. Nd5 Bd8 15. e5 dxe5 16. Rxe5 Kh8 17. Rae1 Qd7 18. Nf4 Qxd3 19. Nxd3 Bf6 20. R5e2 b6
21. b3 Bc3 22. Rf1 Rfe8 23. Re3 Rxe3 24. fxe3 f6 25. g4 Re8 26. Rf3 b5 27. Kf2 Re4 28. Rf4 Rxf4+ 29. exf4 Kg8 30. f5 c5
31. Nf4 Kf7 32. Ne6 g6 33. Ke3 h5 34. h3 hxg4 35. hxg4 gxf5 36. gxf5 Bd4+ 37. Nxd4 cxd4+ 38. Kxd4 Ke7 39. Kd5 Kd7 40. c4 bxc4
41. bxc4 a6 42. c5 a5 43. a4
1-0

[Event "new age"]
[Site "SchemingMind.com"]
[Date "2013.01.04"]
[Round "-"]
[White "fouche"]
[Black "emvarela"]
[Result "0-1"]
[WhiteCountry "COL"]
[BlackCountry "ARG"]
[WhiteElo "1603"]
[WhiteRD "65"]
[BlackElo "1743"]
[BlackRD "47"]
[GameID "324079"]

1. e4 e5 2. Nf3 Nc6 3. Bc4 Bc5 4. O-O Nf6 5. Nxe5 Nxe5 6. d4 Nxc4 7. dxc5 O-O 8. Bg5 d6 9. Qc1 Be6 10. b3 Ne5
11. cxd6 cxd6 12. Nd2 h6 13. Bh4 g5 14. Bg3 Nh5 15. Bxe5 dxe5 16. Nf3 Qf6 17. Rd1 Bg4 18. Rd3 Bxf3 19. Rxf3 Nf4 20. c4 Ne2+
21. Kf1 Qxf3 22. gxf3 Nxc1
0-1

[Event "new age"]
[Site "SchemingMind.com"]
[Date "2013.01.04"]
[Round "-"]
[White "mmccaffe"]
[Black "emvarela"]
[Result "0-1"]
[WhiteCountry "USA"]
[BlackCountry "ARG"]
[WhiteElo "1626"]
[WhiteRD "65"]
[BlackElo "1761"]
[BlackRD "51"]
[GameID "324080"]

1. c4 c5 2. Nc3 Nc6 3. Nf3 Nf6 4. g3 g6 5. Bg2 Bg7 6. O-O O-O 7. e3 d5 8. d3 d4 9. Ne2 Qc7 10. e4 e5
11. Nh4 a6 12. f4 b5 13. b3 bxc4 14. bxc4 Bg4 15. Bf3 Bxf3 16. Nxf3 Nh5 17. fxe5 Nxe5 18. Nxe5 Bxe5 19. Nf4 Nxf4 20. Bxf4 Bxf4
21. Rxf4 Rae8 22. Qf3 Re5 23. Rf1 f5 24. exf5 Rexf5 25. Rxf5 Rxf5 26. Qa8+ Kg7 27. Rxf5 gxf5 28. Qxa6 Qe5 29. Qb7+ Kg6 30. Qc6+ Kg5
31. Qf3 Qe1+ 32. Kg2 Qd2+ 33. Kh3 Qxa2 34. Qf4+ Kg6 35. Qd6+ Kg5 36. Qxc5 Qe2 37. Qxd4 Qf1#
0-1

[Event "new age"]
[Site "SchemingMind.com"]
[Date "2013.01.04"]
[Round "-"]
[White "Phillip Beckett"]
[Black "emvarela"]
[Result "1-0"]
[WhiteCountry "ENG"]
[BlackCountry "ARG"]
[WhiteElo "1591"]
[WhiteRD "47"]
[BlackElo "1743"]
[BlackRD "47"]
[GameID "324081"]

1. e4 e5 2. Nf3 Nc6 3. Bb5 a6 4. Bxc6 dxc6 5. d4 exd4 6. Qxd4 Qxd4 7. Nxd4 Bd6 8. Be3 Nf6 9. f3 O-O 10. Nd2 c5
11. N4b3 b6 12. Nc4 Be6 13. Nxd6 cxd6 14. O-O Bxb3 15. axb3 Nd7 16. Rfd1 Rfd8 17. Rxd6 a5 18. Rad1 Ra7 19. Rxb6 Rc7 20. Rb5
1-0

[Event "new age"]
[Site "SchemingMind.com"]
[Date "2013.01.04"]
[Round "-"]
[White "kenneth m day"]
[Black "emvarela"]
[Result "1-0"]
[WhiteCountry "USA"]
[BlackCountry "ARG"]
[WhiteElo "1794"]
[WhiteRD "51"]
[BlackElo "1743"]
[BlackRD "47"]
[GameID "324082"]

1. e4 e5 2. Nf3 Nc6 3. d4 exd4 4. c3 dxc3 5. Nxc3 Bb4 6. Bc4 d6 7. O-O h6 8. Qb3 Qd7 9. Bd2 Bxc3 10. Bxc3 Nf6
11. e5 dxe5 12. Rad1 Qe7 13. Bxe5 Nxe5 14. Nxe5 Be6 15. Qa4+ c6 16. Nxc6
1-0

[Event "new age"]
[Site "SchemingMind.com"]
[Date "2013.01.04"]
[Round "-"]
[White "SAMAEL"]
[Black "emvarela"]
[Result "0-1"]
[WhiteCountry "CAN"]
[BlackCountry "ARG"]
[WhiteElo "1717"]
[WhiteRD "52"]
[BlackElo "1761"]
[BlackRD "51"]
[GameID "324083"]

1. e4 e5 2. Nf3 Nc6 3. Nc3 Nf6 4. Be2 d6 5. h3 Be7 6. O-O O-O 7. Re1 a6 8. d3 h6 9. Bd2 Be6 10. a3 d5
11. exd5 Bxd5 12. Nxd5 Nxd5 13. Nh2 Bg5 14. Bf3 Bxd2 15. Qxd2 Nde7 16. c3 Qd6 17. Rad1 Rad8 18. Qe2 f5 19. Qc2 b5 20. Be2 Qg6
21. Rc1 Nd5 22. Bf1 Nf4 23. Kh1 Nh5 24. Nf3 Qf6 25. g3 g5 26. Bg2 g4 27. hxg4 fxg4 28. Nh2 Qxf2 29. Qxf2 Rxf2 30. Bxc6 Nxg3+
31. Kg1 Rxb2 32. Rxe5 Ne2+ 33. Rxe2 Rxe2 34. Nxg4 Rxd3 35. Be4 Rg3+ 36. Kf1 Rxg4 37. Bf3 Rh2 38. Ke1 Rg1#
0-1